000
00323nam a2200157Ia 4500
100
_a
Mulk Raj Anand
650
_a
Fiction
942
_c
BK
366
_f
25
245
_a
Great short stories
260
_b
Jaico Publishing House
_c
2014
082
_b
MUL
300
_a
245
546
_a
ENGLISH
_c
Computers
999
_c
20258
_d
20258